| 000 | 005550000a22002410004500 | ||
|---|---|---|---|
| 005 | 20120302062219.0 | ||
| 942 | _cBOOK | ||
| 100 | _a Kosambi,D.D. | ||
| 245 | _a The Culture and Civilizationof Ancient India in Historical Outline | ||
| 250 | _a 4 | ||
| 260 | _aBombay:Vikas Pub.,1976. | ||
| 300 | _a243p. | ||
| 040 | _aENG | ||
| 650 | _aHistory | ||
| 650 | _aAncient India | ||
| 650 | _aCulture | ||
| 650 | _aCivilisation | ||
| 650 | _aAryans | ||
| 650 | _aMagadha | ||
| 650 | _aAsoka | ||
| 650 | _aPrehistory | ||
| 650 | _aUrban Revival | ||
| 999 |
_c356084 _d356081 |
||